Loading...
| Fine Arts - Classical Music | 0 | 6 | 1 | 0 | 55 | 59 | 88.33 | 1 | 3 | 0.00 | 0.00 |
| Philosophy | 0 | 3 | 1 | 0 | 25 | 14 | 62.33 | 2 | 3 | 0.00 | 0.00 |
| Science - Other | 0 | 3 | 1 | 0 | 25 | 64 | 74.67 | 0 | 2 | 0.00 | 0.00 |
| Fine Arts - Painting and Sculpture | 0 | 3 | 2 | 1 | 20 | 66 | 100.33 | 0 | 2 | 0.00 | 0.00 |
| Science - Chemistry | 0 | 2 | 0 | 0 | 20 | 81 | 94.00 | 0 | 0 | 0.00 | 0.00 |
| Literature - World | 0 | 2 | 1 | 0 | 15 | 117 | 118.50 | 0 | 1 | 0.00 | 0.00 |
| Literature - American | 0 | 2 | 1 | 0 | 15 | 61 | 85.00 | 1 | 2 | 0.00 | 0.00 |
| Literature - European | 0 | 3 | 3 | 0 | 15 | 74 | 86.67 | 0 | 2 | 0.00 | 0.00 |
| Science - Physics | 0 | 1 | 0 | 0 | 10 | 88 | 88.00 | 0 | 1 | 0.00 | 0.00 |
| Science - Biology | 0 | 1 | 1 | 0 | 5 | 122 | 122.00 | 0 | 0 | 0.00 | 0.00 |
| Fine Arts - Other | 0 | 1 | 2 | 0 | 0 | 88 | 88.00 | 0 | 0 | 0.00 | 0.00 |
| Social Science | 0 | 0 | 2 | 0 | -10 | 0.00 | 0 | 0 | 0.00 | 0.00 |